000 01233nam a2200241Ia 4500
003 Ost
005 20260507075558.0
008 260507s9999||||xx |||||||||||||| ||und||
020 _a9957021885
040 _cfsecg
041 _aara
082 _a500
100 _aالنعيمي، سالم قاسم
_eمؤلف
245 0 _aالاحصاء التطبيقي على الحاسوب /
_c سالم قاسم النعيمي
260 _aعمان:
_bدار مجدلاوي للنشر والتوزيع,
_c2005
300 _a262 صفحة؛
_bإيضاحات ؛
_c24 سم
504 _aمراجع ص.261
520 _aاساسيات علم الاحصاء و تبويب البيانات اضافة الى التطبيقات الاحصائية يلغة البينيك و كذا مقاييس النزعة المركزية, مقاييس التشتت, الارقام القياسية, الارتباطو النحدار على الحاسب الالكتروني, الانحدار الخطي, الارتباط غير الخطي و اخيرا السلاسل الزمنية.
653 _aالاحصاء التطبيقي
653 _aالحاسوب
700 _aبسيوني، اسماعيل علي
_eمؤلف ثانوي
942 _cكتاب
999 _c44982
_d44982